The 100 lien entre les personnages - Statistiques

Statistiques générales
  • Ce quiz a été pris 2 796 fois
  • Le résultat moyen est 16 sur 20
Statistiques - réponses
Question Réponse % Correct
Bellamy pour Octavia Frère
99%
Marcus Kane pour Clarke Beau-père
96%
Lincoln pour Octavia Petit-ami
92%
Jasper pour Monty Meilleur ami
91%
Lexa pour Clarke Petite-amie
91%
Emori pour Murphy Petite-amie
90%
Wells pur Jaha Fils
89%
Murphy pour Raven Meilleur ami
86%
Gaia pour Indra Fille
84%
Abby pour Madi Grand mère adoptive
83%
Hope pour Diyoza Fille
81%
Dante Wallace pour Clarke Ennemi
80%
Miller pour Jakson Petit ami
76%
Hannah pour Monty Mère
74%
Josephine pour Russel Fille
72%
Roan pour Clarke Ami
70%
Charlotte pour Bellamy Amie
70%
Jordan pour Harper Fils
65%
Josephine pour Gabriel Petite-amie
64%
Vera pour Marcus Kane Grand mère
3%
Aucun quiz correspondant
Distribution des résultats
% des personnes avec chaque résultat
Percentile par nombre de réponses
Votre historique - résultats
Vous n’avez pas pris ce quiz